[Event "Poznan Chess Festival"]
[Site "chess24.com"]
[Date "2021.08.21"]
[Round "8"]
[White "Zakrzewski, Bartosz"]
[Black "Podobinski, Piotr"]
[Result "1/2-1/2"]
[Board "31"]
[WhiteElo "1578"]
[WhiteCountry "POL"]
[WhiteFideId "1176196"]
[WhiteEloChange "-8"]
[BlackElo "1130"]
[BlackCountry "POL"]
[BlackFideId "21063141"]
[BlackEloChange "8"]

1. e4 {[%clk 1:30:30]} e5 {[%clk 1:30:30]} 2. Nf3 {[%clk 1:30:30]} Nc6 {[%clk
1:30:30]} 3. d4 {[%clk 1:30:30]} exd4 {[%clk 1:30:30]} 4. Nxd4 {[%clk 1:30:30]}
Nf6 {[%clk 1:30:30]} 5. Nxc6 {[%clk 1:30:30]} bxc6 {[%clk 1:30:30]} 6. e5 {[%clk
1:30:30]} Qe7 {[%clk 1:30:30]} 7. Qe2 {[%clk 1:30:30]} Nd5 {[%clk 1:30:30]} 8. c4
{[%clk 1:30:30]} Ba6 {[%clk 1:30:30]} 9. b3 {[%clk 1:30:30]} O-O-O {[%clk
1:30:30]} 10. Bb2 {[%clk 1:30:30]} Nb6 {[%clk 1:30:30]} 11. Nd2 {[%clk 1:30:30]}
d6 {[%clk 1:30:30]} 12. O-O-O {[%clk 1:30:30]} dxe5 {[%clk 1:30:30]} 13. Qxe5
{[%clk 1:30:30]} Qxe5 {[%clk 1:30:30]} 14. Bxe5 {[%clk 1:30:30]} Ba3+ {[%clk
1:30:30]} 15. Kc2 {[%clk 1:30:30]} f6 {[%clk 1:30:30]} 16. Bc3 {[%clk 1:30:30]}
Bc5 {[%clk 1:30:30]} 17. f3 {[%clk 1:30:30]} Kb8 {[%clk 1:30:30]} 18. Bd3 {[%clk
1:30:30]} Bc8 {[%clk 1:30:30]} 19. Ne4 {[%clk 1:30:30]} Nd7 {[%clk 1:30:30]} 20.
b4 {[%clk 1:30:30]} Bd6 {[%clk 1:30:30]} 21. c5 {[%clk 1:30:30]} Be5 {[%clk
1:30:30]} 22. g3 {[%clk 1:30:30]} Bxc3 {[%clk 1:30:30]} 23. Kxc3 {[%clk 1:30:30]}
Ne5 {[%clk 1:30:30]} 24. Be2 {[%clk 1:30:30]} Bf5 {[%clk 1:30:30]} 25. Nf2 {[%clk
1:30:30]} g5 {[%clk 1:30:30]} 26. Rhf1 {[%clk 1:30:30]} Kb7 {[%clk 1:30:30]} 27.
Nd3 {[%clk 1:30:30]} Nxd3 {[%clk 1:30:30]} 28. Bxd3 {[%clk 1:30:30]} Bxd3 {[%clk
1:30:30]} 29. Rxd3 {[%clk 1:30:30]} Rxd3+ {[%clk 1:30:59]} 30. Kxd3 {[%clk
1:30:30]} Re8 {[%clk 1:30:59]} 31. h4 {[%clk 1:30:30]} a5 {[%clk 1:30:59]} 32.
hxg5 {[%clk 1:30:30]} fxg5 {[%clk 1:30:59]} 33. f4 {[%clk 1:30:30]} gxf4 {[%clk
1:30:59]} 34. Rxf4 {[%clk 1:30:30]} Re1 {[%clk 1:30:59]} 35. Rh4 {[%clk 1:30:30]}
Rg1 {[%clk 1:30:59]} 36. g4 {[%clk 1:30:30]} axb4 {[%clk 1:30:59]} 37. Kc4 {[%clk
1:30:30]} Ra1 {[%clk 1:30:59]} 38. Kxb4 {[%clk 1:30:30]} Rxa2 {[%clk 1:30:59]}
39. Rxh7 {[%clk 1:30:30]} Rf2 {[%clk 1:30:59]} 40. Rg7 {[%clk 1:30:30]} Rf4+
{[%clk 1:30:59]} 41. Kc3 {[%clk 1:30:30]} Ka6 {[%clk 1:30:59]} 42. g5 {[%clk
1:30:30]} Rg4 {[%clk 1:30:59]} 43. g6 {[%clk 1:30:30]} Kb5 {[%clk 1:30:59]} 44.
Rg8 {[%clk 1:30:30]} Kxc5 {[%clk 1:30:59]} 45. g7 {[%clk 1:30:30]} Rg3+ {[%clk
1:30:59]} 46. Kd2 {[%clk 1:30:30]} Kc4 {[%clk 1:30:59]} 47. Ke2 {[%clk 1:30:30]}
c5 {[%clk 1:30:59]} 48. Kf2 {[%clk 1:30:30]} Rg6 {[%clk 1:30:59]} 49. Kf3 {[%clk
1:30:30]} Kc3 {[%clk 1:30:59]} 50. Ke4 {[%clk 1:30:30]} c4 {[%clk 1:30:59]} 51.
Kf5 {[%clk 1:30:30]} Rg1 {[%clk 1:30:59]} 52. Kf6 {[%clk 1:30:30]} Rf1+ {[%clk
1:30:59]} 53. Kg6 {[%clk 1:30:30]} Rg1+ {[%clk 1:30:59]} 54. Kf6 {[%clk 1:30:30]}
Rf1+ {[%clk 1:30:59]} 55. Kg6 {[%clk 1:30:30]} Rg1+ {[%clk 1:30:59]} 1/2-1/2

[Event "Poznan Chess Festival"]
[Site "chess24.com"]
[Date "2021.08.21"]
[Round "8"]
[White "Kierska, Pola"]
[Black "Zarzycki, Lukasz"]
[Result "0-1"]
[Board "33"]
[WhiteElo "1107"]
[WhiteCountry "POL"]
[WhiteFideId "21854262"]
[WhiteEloChange "-2"]
[BlackElo "1494"]
[BlackCountry "POL"]
[BlackFideId "21843511"]
[BlackEloChange "2"]

1. e4 {[%clk 1:30:30]} c6 {[%clk 1:30:30]} 2. d4 {[%clk 1:30:30]} d5 {[%clk
1:30:30]} 3. exd5 {[%clk 1:30:30]} cxd5 {[%clk 1:30:30]} 4. Nf3 {[%clk 1:30:30]}
Nc6 {[%clk 1:30:30]} 5. h3 {[%clk 1:30:30]} Bf5 {[%clk 1:30:30]} 6. Bd3 {[%clk
1:30:30]} Bxd3 {[%clk 1:30:30]} 7. Qxd3 {[%clk 1:30:30]} e6 {[%clk 1:30:30]} 8.
Bf4 {[%clk 1:30:30]} Nge7 {[%clk 1:30:30]} 9. Nc3 {[%clk 1:30:30]} Ng6 {[%clk
1:30:30]} 10. Bg3 {[%clk 1:30:30]} Bd6 {[%clk 1:30:30]} 11. Bxd6 {[%clk 1:30:30]}
Qxd6 {[%clk 1:30:30]} 12. Ne2 {[%clk 1:30:30]} O-O {[%clk 1:30:30]} 13. O-O
{[%clk 1:30:30]} Rfc8 {[%clk 1:30:30]} 14. Rfc1 {[%clk 1:30:30]} h6 {[%clk
1:30:30]} 15. c3 {[%clk 1:30:30]} Rab8 {[%clk 1:30:59]} 16. b4 {[%clk 1:30:30]}
Rc7 {[%clk 1:30:59]} 17. Rc2 {[%clk 1:30:30]} Rbc8 {[%clk 1:30:59]} 18. Rac1
{[%clk 1:30:30]} Nf4 {[%clk 1:30:59]} 19. Nxf4 {[%clk 1:30:30]} Qxf4 {[%clk
1:30:59]} 20. Qe3 {[%clk 1:30:30]} Qxe3 {[%clk 1:30:59]} 21. fxe3 {[%clk
1:30:30]} Nxb4 {[%clk 1:30:59]} 22. Rd2 {[%clk 1:30:30]} Rxc3 {[%clk 1:30:59]}
23. Rxc3 {[%clk 1:30:30]} Rxc3 {[%clk 1:30:59]} 24. Rb2 {[%clk 1:30:30]} a5
{[%clk 1:30:59]} 25. Kh2 {[%clk 1:30:30]} Rc2 {[%clk 1:30:59]} 26. Rxc2 {[%clk
1:30:30]} Nxc2 {[%clk 1:30:59]} 27. Nd2 {[%clk 1:30:30]} Nxe3 {[%clk 1:30:59]}
28. Nb3 {[%clk 1:30:30]} b6 {[%clk 1:30:59]} 29. Kg3 {[%clk 1:30:30]} Nf5+ {[%clk
1:30:59]} 30. Kf2 {[%clk 1:30:30]} Kf8 {[%clk 1:30:59]} 31. g4 {[%clk 1:30:30]}
a4 {[%clk 1:30:59]} 32. gxf5 {[%clk 1:30:30]} axb3 {[%clk 1:30:59]} 33. axb3
{[%clk 1:30:30]} exf5 {[%clk 1:30:59]} 34. Kf3 {[%clk 1:30:30]} Ke7 {[%clk
1:30:59]} 35. Kf4 {[%clk 1:30:30]} Kf6 {[%clk 1:30:59]} 36. h4 {[%clk 1:30:30]}
g5+ {[%clk 1:30:59]} 37. hxg5+ {[%clk 1:30:30]} hxg5+ {[%clk 1:30:59]} 38. Kf3
{[%clk 1:30:30]} Kg6 {[%clk 1:30:59]} 0-1

[Event "Poznan Chess Festival"]
[Site "chess24.com"]
[Date "2021.08.21"]
[Round "8"]
[White "Wojciechowski, Szymon"]
[Black "Nawrocki, Michal"]
[Result "1-0"]
[Board "35"]
[WhiteElo "1207"]
[WhiteCountry "POL"]
[WhiteFideId "21055505"]
[WhiteEloChange "9"]
[BlackElo "1165"]
[BlackCountry "POL"]
[BlackFideId "21097933"]
[BlackEloChange "-9"]

1. e4 {[%clk 1:30:30]} c5 {[%clk 1:30:30]} 2. Nf3 {[%clk 1:30:30]} d6 {[%clk
1:30:30]} 3. d4 {[%clk 1:30:30]} cxd4 {[%clk 1:30:30]} 4. Qxd4 {[%clk 1:30:30]}
Nc6 {[%clk 1:30:30]} 5. Bb5 {[%clk 1:30:30]} Bd7 {[%clk 1:30:30]} 6. Bxc6 {[%clk
1:30:30]} Bxc6 {[%clk 1:30:30]} 7. Nc3 {[%clk 1:30:30]} Nf6 {[%clk 1:30:30]} 8.
Bg5 {[%clk 1:30:30]} Qb6 {[%clk 1:30:30]} 9. Qxb6 {[%clk 1:30:30]} axb6 {[%clk
1:30:30]} 10. Bxf6 {[%clk 1:30:30]} gxf6 {[%clk 1:30:30]} 11. Nd4 {[%clk
1:30:30]} Ra5 {[%clk 1:30:30]} 12. O-O-O {[%clk 1:30:30]} Bh6+ {[%clk 1:30:30]}
13. Kb1 {[%clk 1:30:30]} Bd7 {[%clk 1:30:30]} 14. Nd5 {[%clk 1:30:30]} b5 {[%clk
1:30:30]} 15. b4 {[%clk 1:30:30]} Ra4 {[%clk 1:30:30]} 16. c3 {[%clk 1:30:30]}
Kd8 {[%clk 1:30:30]} 17. Nb6 {[%clk 1:30:30]} Ra6 {[%clk 1:30:30]} 18. Nxd7
{[%clk 1:30:30]} Kxd7 {[%clk 1:30:30]} 19. Nxb5 {[%clk 1:30:30]} Rha8 {[%clk
1:30:30]} 20. a3 {[%clk 1:30:30]} Rg8 {[%clk 1:30:30]} 21. g3 {[%clk 1:30:30]}
Rc8 {[%clk 1:30:30]} 22. Kb2 {[%clk 1:30:30]} f5 {[%clk 1:30:30]} 23. e5 {[%clk
1:30:30]} f4 {[%clk 1:30:30]} 24. exd6 {[%clk 1:30:30]} e6 {[%clk 1:30:30]} 25.
Kb3 {[%clk 1:30:30]} Rca8 {[%clk 1:30:30]} 26. Rd3 {[%clk 1:30:30]} Bg5 {[%clk
1:30:30]} 27. Rg1 {[%clk 1:30:30]} Bf6 {[%clk 1:30:30]} 28. gxf4 {[%clk 1:30:30]}
h5 {[%clk 1:30:30]} 29. Rdg3 {[%clk 1:30:30]} Rh8 {[%clk 1:30:30]} 30. Rg8 {[%clk
1:30:30]} Ra8 {[%clk 1:30:30]} 31. Rxa8 {[%clk 1:30:30]} Rxa8 {[%clk 1:30:30]}
32. c4 {[%clk 1:30:30]} Rh8 {[%clk 1:30:30]} 33. h3 {[%clk 1:30:30]} Rh7 {[%clk
1:30:30]} 34. c5 {[%clk 1:30:30]} Rg7 {[%clk 1:30:30]} 35. Rxg7 {[%clk 1:30:30]}
Bxg7 {[%clk 1:30:30]} 36. f5 {[%clk 1:30:30]} e5 {[%clk 1:30:30]} 37. f3 {[%clk
1:30:30]} Bf6 {[%clk 1:30:30]} 38. Nc3 {[%clk 1:30:30]} Kc6 {[%clk 1:30:30]} 39.
Kc4 {[%clk 1:30:30]} Bd8 {[%clk 1:30:30]} 40. b5+ {[%clk 1:30:30]} Kd7 {[%clk
1:30:30]} 41. Kd5 {[%clk 1:30:30]} 1-0

[Event "Poznan Chess Festival"]
[Site "chess24.com"]
[Date "2021.08.21"]
[Round "8"]
[White "Korzeniewski, Lucjan"]
[Black "Czyzewski, Olgierd"]
[Result "1/2-1/2"]
[Board "36"]
[WhiteElo "1203"]
[WhiteCountry "POL"]
[WhiteFideId "21097950"]
[WhiteEloChange "-3"]
[BlackElo "1104"]
[BlackCountry "POL"]
[BlackFideId "21899690"]
[BlackEloChange "3"]

1. e4 {[%clk 1:30:30]} e6 {[%clk 1:30:30]} 2. d4 {[%clk 1:30:30]} d5 {[%clk
1:30:30]} 3. Bd3 {[%clk 1:30:30]} dxe4 {[%clk 1:30:30]} 4. Bxe4 {[%clk 1:30:30]}
Nf6 {[%clk 1:30:30]} 5. Bf3 {[%clk 1:30:30]} c5 {[%clk 1:30:30]} 6. Ne2 {[%clk
1:30:30]} cxd4 {[%clk 1:30:30]} 7. Nxd4 {[%clk 1:30:30]} Bc5 {[%clk 1:30:30]} 8.
Be3 {[%clk 1:30:30]} Bxd4 {[%clk 1:30:30]} 9. Bxd4 {[%clk 1:30:30]} O-O {[%clk
1:30:30]} 10. Nc3 {[%clk 1:30:30]} Nc6 {[%clk 1:30:30]} 11. Bc5 {[%clk 1:30:30]}
Qxd1+ {[%clk 1:30:30]} 12. Rxd1 {[%clk 1:30:30]} Rd8 {[%clk 1:30:30]} 13. Rxd8+
{[%clk 1:30:30]} Nxd8 {[%clk 1:30:30]} 14. Nb5 {[%clk 1:30:30]} Nc6 {[%clk
1:30:30]} 15. Nc7 {[%clk 1:30:30]} Rb8 {[%clk 1:30:30]} 16. Bd6 {[%clk 1:30:30]}
Bd7 {[%clk 1:30:30]} 17. b4 {[%clk 1:30:30]} Rc8 {[%clk 1:30:30]} 18. c3 {[%clk
1:30:30]} a6 {[%clk 1:30:30]} 19. Ke2 {[%clk 1:30:30]} Ne8 {[%clk 1:30:30]} 20.
Nxe8 {[%clk 1:30:30]} Bxe8 {[%clk 1:30:30]} 21. Bc5 {[%clk 1:30:30]} Rd8 {[%clk
1:30:30]} 22. Rd1 {[%clk 1:30:30]} Rxd1 {[%clk 1:30:30]} 23. Kxd1 {[%clk
1:30:30]} f5 {[%clk 1:30:30]} 24. a4 {[%clk 1:30:30]} g5 {[%clk 1:30:30]} 25. Kc2
{[%clk 1:30:30]} Ne5 {[%clk 1:30:30]} 26. Bxb7 {[%clk 1:30:30]} Bxa4+ {[%clk
1:30:30]} 27. Kd2 {[%clk 1:30:30]} Bb5 {[%clk 1:30:30]} 28. Be7 {[%clk 1:30:30]}
Nc4+ {[%clk 1:30:30]} 29. Kc2 {[%clk 1:30:30]} g4 {[%clk 1:30:30]} 30. g3 {[%clk
1:30:30]} Kf7 {[%clk 1:30:30]} 31. Bc5 {[%clk 1:30:30]} Kf6 {[%clk 1:30:30]} 32.
Bg2 {[%clk 1:30:30]} h5 {[%clk 1:30:30]} 33. Bf1 {[%clk 1:30:30]} e5 {[%clk
1:30:30]} 34. Bd3 {[%clk 1:30:30]} Kg5 {[%clk 1:30:30]} 35. Be7+ {[%clk 1:30:30]}
Kg6 {[%clk 1:30:30]} 36. Bc5 {[%clk 1:30:30]} Kf6 {[%clk 1:30:30]} 37. Bf1 {[%clk
1:30:30]} f4 {[%clk 1:30:30]} 38. Bd3 {[%clk 1:30:30]} Ba4+ {[%clk 1:30:30]} 39.
Kc1 {[%clk 1:30:30]} Bb5 {[%clk 1:30:30]} 40. Kc2 {[%clk 1:30:30]} Kg5 {[%clk
1:30:30]} 41. Be7+ {[%clk 1:30:30]} Kh6 {[%clk 1:30:30]} 42. Bc5 {[%clk 1:30:30]}
Na3+ {[%clk 1:30:30]} 43. Kb2 {[%clk 1:30:30]} Bxd3 {[%clk 1:30:30]} 44. Kxa3
{[%clk 1:30:30]} fxg3 {[%clk 1:30:30]} 45. Be3+ {[%clk 1:30:30]} Kg6 {[%clk
1:30:30]} 46. hxg3 {[%clk 1:30:30]} e4 {[%clk 1:30:30]} 47. Kb3 {[%clk 1:30:30]}
Kf6 {[%clk 1:30:30]} 48. c4 {[%clk 1:30:30]} Ke6 {[%clk 1:30:30]} 49. Bf4 {[%clk
1:30:30]} Kd7 {[%clk 1:30:30]} 50. Kc3 {[%clk 1:30:30]} Ke6 {[%clk 1:30:30]} 51.
Kd4 {[%clk 1:30:30]} Kd7 {[%clk 1:30:30]} 52. Kc3 {[%clk 1:30:30]} Ke6 {[%clk
1:30:30]} 53. Kd4 {[%clk 1:30:30]} Kd7 {[%clk 1:30:30]} 54. Kc3 {[%clk 1:30:30]}
Kc6 {[%clk 1:30:30]} 1/2-1/2

[Event "Poznan Chess Festival"]
[Site "chess24.com"]
[Date "2021.08.21"]
[Round "8"]
[White "Michalska, Lena"]
[Black "Lesien, Chryzostom"]
[Result "1-0"]
[Board "41"]
[WhiteElo "1231"]
[WhiteCountry "POL"]
[WhiteFideId "21012130"]
[WhiteEloChange "6"]
[BlackElo "1063"]
[BlackCountry "POL"]
[BlackFideId "21836892"]
[BlackEloChange "-6"]

1. d4 {[%clk 1:30:30]} d5 {[%clk 1:30:30]} 2. Bf4 {[%clk 1:30:30]} Nc6 {[%clk
1:30:30]} 3. Nf3 {[%clk 1:30:30]} Bf5 {[%clk 1:30:30]} 4. c3 {[%clk 1:30:30]} Nf6
{[%clk 1:30:30]} 5. e3 {[%clk 1:30:30]} Nd7 {[%clk 1:30:30]} 6. Bb5 {[%clk
1:30:30]} f6 {[%clk 1:30:30]} 7. Bxc6 {[%clk 1:30:30]} bxc6 {[%clk 1:30:30]} 8.
Qa4 {[%clk 1:30:30]} Nb8 {[%clk 1:30:30]} 9. Qa5 {[%clk 1:30:30]} e6 {[%clk
1:30:30]} 10. Qxc7 {[%clk 1:30:30]} Qxc7 {[%clk 1:30:30]} 11. Bxc7 {[%clk
1:30:30]} Nd7 {[%clk 1:30:30]} 12. Kd2 {[%clk 1:30:30]} Rc8 {[%clk 1:30:30]} 13.
Bg3 {[%clk 1:30:30]} c5 {[%clk 1:30:30]} 14. Nh4 {[%clk 1:30:30]} Bxb1 {[%clk
1:30:30]} 15. Raxb1 {[%clk 1:30:30]} cxd4 {[%clk 1:30:30]} 16. exd4 {[%clk
1:30:30]} Be7 {[%clk 1:30:30]} 17. f4 {[%clk 1:30:30]} O-O {[%clk 1:30:30]} 18.
Rhe1 {[%clk 1:30:30]} Rc6 {[%clk 1:30:30]} 19. Nf3 {[%clk 1:30:30]} Bd6 {[%clk
1:30:30]} 20. Kd3 {[%clk 1:30:30]} Re8 {[%clk 1:30:30]} 21. Re2 {[%clk 1:30:30]}
Bc7 {[%clk 1:30:30]} 22. Rbe1 {[%clk 1:30:30]} g6 {[%clk 1:30:30]} 23. Rc2 {[%clk
1:30:30]} Kf7 {[%clk 1:30:30]} 24. a3 {[%clk 1:30:30]} a5 {[%clk 1:30:30]} 25. b4
{[%clk 1:30:30]} Rb8 {[%clk 1:30:30]} 26. h4 {[%clk 1:30:30]} axb4 {[%clk
1:30:30]} 27. axb4 {[%clk 1:30:30]} Ra8 {[%clk 1:30:30]} 28. Bh2 {[%clk 1:30:30]}
Ra3 {[%clk 1:30:30]} 29. g4 {[%clk 1:30:30]} h6 {[%clk 1:30:30]} 30. g5 {[%clk
1:30:30]} fxg5 {[%clk 1:30:30]} 31. fxg5 {[%clk 1:30:30]} Bxh2 {[%clk 1:30:30]}
32. Nxh2 {[%clk 1:30:30]} h5 {[%clk 1:30:30]} 33. Nf3 {[%clk 1:30:30]} Rb6 {[%clk
1:30:30]} 34. Rb1 {[%clk 1:30:30]} Rb5 {[%clk 1:30:30]} 35. Kd2 {[%clk 1:30:30]}
Ra4 {[%clk 1:30:30]} 36. Kc1 {[%clk 1:30:30]} Ra3 {[%clk 1:30:30]} 37. Kd2 {[%clk
1:30:30]} Ra4 {[%clk 1:30:30]} 38. Ke3 {[%clk 1:30:30]} Ra6 {[%clk 1:30:30]} 39.
Kf4 {[%clk 1:30:30]} Kg7 {[%clk 1:30:30]} 40. Ne5 {[%clk 1:30:30]} Nxe5 {[%clk
1:30:30]} 41. Kxe5 {[%clk 1:30:30]} Rb7 {[%clk 1:30:30]} 42. Rf2 {[%clk 1:30:30]}
Rf7 {[%clk 1:30:30]} 43. Rxf7+ {[%clk 1:30:30]} Kxf7 {[%clk 1:30:30]} 44. b5
{[%clk 1:30:30]} Rb6 {[%clk 1:30:30]} 45. Rb4 {[%clk 1:30:30]} Kg7 {[%clk
1:30:30]} 46. Kf4 {[%clk 1:30:30]} Kf7 {[%clk 1:30:30]} 47. Ke3 {[%clk 1:30:30]}
Ke7 {[%clk 1:30:30]} 48. Kd3 {[%clk 1:30:30]} Kd6 {[%clk 1:30:30]} 49. c4 {[%clk
1:30:30]} dxc4+ {[%clk 1:30:30]} 50. Kxc4 {[%clk 1:30:30]} e5 {[%clk 1:30:30]}
51. dxe5+ {[%clk 1:30:30]} Kxe5 {[%clk 1:30:30]} 52. Kc5 {[%clk 1:30:30]} Rd6
{[%clk 1:30:30]} 53. Re4+ {[%clk 1:30:30]} Kxe4 {[%clk 1:30:30]} 54. Kxd6 {[%clk
1:30:30]} Kd4 {[%clk 1:30:30]} 55. b6 {[%clk 1:30:30]} Ke4 {[%clk 1:30:30]} 56.
b7 {[%clk 1:30:30]} Kf4 {[%clk 1:30:30]} 57. b8=Q {[%clk 1:30:30]} Kg4 {[%clk
1:30:30]} 58. Qb4+ {[%clk 1:30:30]} Kg3 {[%clk 1:30:30]} 59. Ke5 {[%clk 1:30:30]}
1-0

[Event "Poznan Chess Festival"]
[Site "chess24.com"]
[Date "2021.08.21"]
[Round "8"]
[White "Zarzycki, Piotr"]
[Black "Wojciechowski, Mateusz"]
[Result "1/2-1/2"]
[Board "44"]
[WhiteElo "1410"]
[WhiteCountry "POL"]
[WhiteFideId "21843520"]
[WhiteEloChange "-6"]
[BlackElo "1171"]
[BlackCountry "POL"]
[BlackFideId "21081050"]
[BlackEloChange "6"]

1. e4 {[%clk 1:30:30]} c5 {[%clk 1:30:30]} 2. Nc3 {[%clk 1:30:30]} g6 {[%clk
1:30:30]} 3. g3 {[%clk 1:30:30]} Nc6 {[%clk 1:30:30]} 4. Bg2 {[%clk 1:30:30]} Bg7
{[%clk 1:30:30]} 5. d3 {[%clk 1:30:30]} Nf6 {[%clk 1:30:30]} 6. Be3 {[%clk
1:30:30]} d6 {[%clk 1:30:30]} 7. f4 {[%clk 1:30:30]} O-O {[%clk 1:30:30]} 8. Nf3
{[%clk 1:30:30]} Be6 {[%clk 1:30:30]} 9. O-O {[%clk 1:30:30]} Rc8 {[%clk
1:30:30]} 10. h3 {[%clk 1:30:30]} Qb6 {[%clk 1:30:30]} 11. Qd2 {[%clk 1:30:30]}
Nd4 {[%clk 1:30:30]} 12. g4 {[%clk 1:30:30]} Qxb2 {[%clk 1:30:30]} 13. Rfc1
{[%clk 1:30:30]} Nxf3+ {[%clk 1:30:30]} 14. Bxf3 {[%clk 1:30:30]} Nxg4 {[%clk
1:30:30]} 15. Nd1 {[%clk 1:30:30]} Qa3 {[%clk 1:30:30]} 16. hxg4 {[%clk 1:30:30]}
Bxa1 {[%clk 1:30:30]} 17. Rxa1 {[%clk 1:30:30]} b6 {[%clk 1:30:30]} 18. f5 {[%clk
1:30:30]} Bd7 {[%clk 1:30:30]} 19. Bh6 {[%clk 1:30:30]} Rfe8 {[%clk 1:30:30]} 20.
Qg5 {[%clk 1:30:30]} Qa4 {[%clk 1:30:30]} 21. c3 {[%clk 1:30:30]} f6 {[%clk
1:30:30]} 22. Qd2 {[%clk 1:30:30]} Qc6 {[%clk 1:30:30]} 23. g5 {[%clk 1:30:30]}
Kf7 {[%clk 1:30:30]} 24. gxf6 {[%clk 1:30:30]} exf6 {[%clk 1:30:30]} 25. Kg2
{[%clk 1:30:30]} Qc7 {[%clk 1:30:30]} 26. Ne3 {[%clk 1:30:30]} Bc6 {[%clk
1:30:30]} 27. fxg6+ {[%clk 1:30:30]} hxg6 {[%clk 1:30:30]} 28. Qf2 {[%clk
1:30:30]} Rg8 {[%clk 1:30:30]} 29. Bf4 {[%clk 1:30:30]} b5 {[%clk 1:30:30]} 30.
Rh1 {[%clk 1:30:30]} Rh8 {[%clk 1:30:30]} 31. Rh3 {[%clk 1:30:30]} Rcg8 {[%clk
1:30:30]} 32. Qg3 {[%clk 1:30:30]} Rxh3 {[%clk 1:30:30]} 33. Qxh3 {[%clk
1:30:30]} Qa5 {[%clk 1:30:30]} 34. Bxd6 {[%clk 1:30:30]} Qxa2+ {[%clk 1:30:30]}
35. Kg3 {[%clk 1:30:30]} Qd2 {[%clk 1:30:30]} 36. Ng4 {[%clk 1:30:30]} Qe1+
{[%clk 1:30:30]} 37. Kh2 {[%clk 1:30:30]} Qd2+ {[%clk 1:30:30]} 1/2-1/2

[Event "Poznan Chess Festival"]
[Site "chess24.com"]
[Date "2021.08.21"]
[Round "8"]
[White "Weglarz, Janusz"]
[Black "Borkowski, Pawel"]
[Result "1-0"]
[Board "45"]
[WhiteElo "1607"]
[WhiteCountry "POL"]
[WhiteFideId "1123076"]
[WhiteEloChange "2"]
[BlackElo "1141"]
[BlackCountry "POL"]
[BlackFideId "21007306"]
[BlackEloChange "-2"]

1. Nf3 {[%clk 1:30:30]} d5 {[%clk 1:30:30]} 2. d4 {[%clk 1:30:30]} Nf6 {[%clk
1:30:30]} 3. Bf4 {[%clk 1:30:30]} Bf5 {[%clk 1:30:30]} 4. h3 {[%clk 1:30:30]} e6
{[%clk 1:30:30]} 5. e3 {[%clk 1:30:30]} Bd6 {[%clk 1:30:30]} 6. Ne5 {[%clk
1:30:30]} Nbd7 {[%clk 1:30:30]} 7. g4 {[%clk 1:30:30]} Be4 {[%clk 1:30:30]} 8. f3
{[%clk 1:30:30]} Bg6 {[%clk 1:30:30]} 9. h4 {[%clk 1:30:30]} h5 {[%clk 1:30:30]}
10. Nxg6 {[%clk 1:30:30]} fxg6 {[%clk 1:30:30]} 11. Bxd6 {[%clk 1:30:30]} cxd6
{[%clk 1:30:30]} 12. g5 {[%clk 1:30:30]} Nh7 {[%clk 1:30:30]} 13. Bd3 {[%clk
1:30:30]} O-O {[%clk 1:30:30]} 14. Nc3 {[%clk 1:30:30]} Nxg5 {[%clk 1:30:30]} 15.
hxg5 {[%clk 1:30:30]} Qxg5 {[%clk 1:30:30]} 16. Kf2 {[%clk 1:30:30]} Rf6 {[%clk
1:30:30]} 17. Qg1 {[%clk 1:30:30]} Qh6 {[%clk 1:30:30]} 18. Rf1 {[%clk 1:30:30]}
Raf8 {[%clk 1:30:30]} 19. Ke2 {[%clk 1:30:30]} g5 {[%clk 1:30:30]} 20. Qh2 {[%clk
1:30:30]} h4 {[%clk 1:30:30]} 21. Qxd6 {[%clk 1:30:30]} Nb6 {[%clk 1:30:30]} 22.
Qh2 {[%clk 1:30:30]} Qh5 {[%clk 1:30:30]} 23. Qg2 {[%clk 1:30:30]} a6 {[%clk
1:30:30]} 24. Rhg1 {[%clk 1:30:30]} Qf7 {[%clk 1:30:30]} 25. Qxg5 {[%clk
1:30:30]} h3 {[%clk 1:30:30]} 26. Qg3 {[%clk 1:30:30]} Rh6 {[%clk 1:30:30]} 27.
Rh1 {[%clk 1:30:30]} Qh5 {[%clk 1:30:30]} 28. Rh2 {[%clk 1:30:30]} Nc4 {[%clk
1:30:30]} 29. Bxc4 {[%clk 1:30:30]} dxc4 {[%clk 1:30:30]} 30. Rfh1 {[%clk
1:30:30]} Qf5 {[%clk 1:30:30]} 31. Ne4 {[%clk 1:30:30]} Qb5 {[%clk 1:30:30]} 32.
Kd2 {[%clk 1:30:30]} Qxb2 {[%clk 1:30:30]} 33. Rxh3 {[%clk 1:30:30]} c3+ {[%clk
1:30:30]} 34. Kd3 {[%clk 1:30:30]} Rc8 {[%clk 1:30:30]} 35. Nf6+ {[%clk 1:30:30]}
Rxf6 {[%clk 1:30:30]} 36. Rh8+ {[%clk 1:30:30]} Kf7 {[%clk 1:30:30]} 37. Rxc8
{[%clk 1:30:30]} Qb5+ {[%clk 1:30:30]} 38. Kxc3 {[%clk 1:30:30]} Qa5+ {[%clk
1:30:30]} 39. Kd3 {[%clk 1:30:30]} Qb5+ {[%clk 1:30:30]} 40. c4 {[%clk 1:30:30]}
Qf5+ {[%clk 1:30:30]} 41. Kc3 {[%clk 1:30:59]} Qa5+ {[%clk 1:30:30]} 42. Kb3
{[%clk 1:30:59]} e5 {[%clk 1:30:30]} 43. c5 {[%clk 1:30:59]} Qb5+ {[%clk
1:30:30]} 44. Kc3 {[%clk 1:30:59]} Qa5+ {[%clk 1:30:30]} 45. Kd3 {[%clk 1:30:59]}
e4+ {[%clk 1:30:30]} 46. Kxe4 {[%clk 1:30:59]} Re6+ {[%clk 1:30:30]} 47. Qe5
{[%clk 1:30:59]} Rxe5+ {[%clk 1:30:30]} 48. Kxe5 {[%clk 1:30:59]} Qc3 {[%clk
1:30:30]} 49. Rc7+ {[%clk 1:30:59]} Kg8 {[%clk 1:30:30]} 50. Kf4 {[%clk 1:30:59]}
g5+ {[%clk 1:30:30]} 51. Ke4 {[%clk 1:30:59]} Qc2+ {[%clk 1:30:30]} 52. Ke5
{[%clk 1:30:59]} Qg2 {[%clk 1:30:30]} 53. Rhh7 {[%clk 1:30:59]} Qg3+ {[%clk
1:30:30]} 54. Ke4 {[%clk 1:30:59]} Qg2 {[%clk 1:30:30]} 55. Rhg7+ {[%clk
1:30:59]} Kf8 {[%clk 1:30:30]} 56. Rxb7 {[%clk 1:30:59]} Qc2+ {[%clk 1:30:30]}
57. Ke5 {[%clk 1:30:59]} Qc3 {[%clk 1:30:30]} 58. Kf6 {[%clk 1:30:59]} 1-0